000 00597nam a2200181Ia 4500
008 240729s9999 xx 000 0 und d
245 0 _aOpto-Electronic Science
260 _aChina
260 _bEditorial Office of Opto-Electronic Journals, Institute of Optics and Electronics, CAS, China
650 _a Applied optics. Photonics
650 _a Engineering (General). Civil engineering (General)
650 _a Optics. Light | Technology
650 _a Physics
650 _aScience
856 _uhttps://doaj.org/toc/f2ca83116f2f497596cd6d0021205c3c
942 _2ddc
942 _cDOAJEJ
999 _c68275
_d68275
945 _a1
_bMadushi Gamage
_c1
_dMadushi Gamage